Catálogo
 En Linea

Programa de gobierno 2004-2008 / (Registro nro. 51142)

Detalles MARC
000 -CABECERA
campo de control de longitud fija 01388nam a22003377a 4500
003 - IDENTIFICADOR DEL NÚMERO DE CONTROL
campo de control DO-SdBNP
005 - FECHA Y HORA DE LA ÚLTIMA TRANSACCIÓN
campo de control 20211229102148.0
007 - CAMPO FIJO DE DESCRIPCIÓN FÍSICA--INFORMACIÓN GENERAL
campo de control de longitud fija ta
008 - DATOS DE LONGITUD FIJA--INFORMACIÓN GENERAL
campo de control de longitud fija 211229b2004 a|||e |||| 001 0 spa d
040 ## - FUENTE DE LA CATALOGACIÓN
Centro catalogador/agencia de origen DO-SdBNP
Lengua de catalogación spa
Centro/agencia transcriptor BNPHU
082 4# - NÚMERO DE LA CLASIFICACIÓN DECIMAL DEWEY
Número de edición 22
Número de documento/Ítem P273p
Número de clasificación 324.97293
110 10 - ENTRADA PRINCIPAL--NOMBRE DE ENTIDAD CORPORATIVA
Nombre de entidad corporativa o nombre de jurisdicción como elemento de entrada Partido de la Liberación Dominicana
Término indicativo de función/relación servir al partido para servir al pueblo
9 (RLIN) 80904
245 10 - MENCIÓN DE TÍTULO
Título Programa de gobierno 2004-2008 /
Mención de responsabilidad, etc. Partido de la Liberación Dominicana (PLD)
260 ## - PUBLICACIÓN, DISTRIBUCIÓN, ETC.
Lugar de publicación, distribución, etc. Santo Domingo :
Nombre del editor, distribuidor, etc. Alfa & Omega,
Fecha de publicación, distribución, etc. 2004.
300 ## - DESCRIPCIÓN FÍSICA
Extensión 152 p. :
Otras características físicas il. ; retrs ;
Dimensiones 27 cm
500 ## - NOTA GENERAL
Nota general Por una República Dominicana con Progreso económico, democrático real, Equidad social/
505 ## - NOTA DE CONTENIDO CON FORMATO
Nota de contenido con formato I. Lineamientos generales.
505 ## - NOTA DE CONTENIDO CON FORMATO
Nota de contenido con formato II. Política del Estado y sus instituciones.
505 ## - NOTA DE CONTENIDO CON FORMATO
Nota de contenido con formato III. Area económica.
505 ## - NOTA DE CONTENIDO CON FORMATO
Nota de contenido con formato IV. Medio ambiente y recursos naturales.
505 ## - NOTA DE CONTENIDO CON FORMATO
Nota de contenido con formato V. Energía e Infraestructura.
505 ## - NOTA DE CONTENIDO CON FORMATO
Nota de contenido con formato VI. Política social.
590 ## - NOTA LOCAL (RLIN)
Nota local Inventariado, 2021 / SA
650 4# - PUNTO DE ACCESO ADICIONAL DE MATERIA--TÉRMINO DE MATERIA
Término de materia o nombre geográfico como elemento de entrada Partido de la Liberación Dominicana
Subdivisión general Plataforma
9 (RLIN) 80905
650 4# - PUNTO DE ACCESO ADICIONAL DE MATERIA--TÉRMINO DE MATERIA
Término de materia o nombre geográfico como elemento de entrada Política y gobierno - 2004-
Subdivisión geográfica República Dominicana
9 (RLIN) 80906
650 4# - PUNTO DE ACCESO ADICIONAL DE MATERIA--TÉRMINO DE MATERIA
Término de materia o nombre geográfico como elemento de entrada Política económica
Subdivisión geográfica República Dominicana
9 (RLIN) 10040
650 4# - PUNTO DE ACCESO ADICIONAL DE MATERIA--TÉRMINO DE MATERIA
Término de materia o nombre geográfico como elemento de entrada Política Social
Subdivisión geográfica República Dominicana
9 (RLIN) 11024
650 40 - PUNTO DE ACCESO ADICIONAL DE MATERIA--TÉRMINO DE MATERIA
9 (RLIN) 55844
Término de materia o nombre geográfico como elemento de entrada Partido de la Liberación Dominicana
Subdivisión general Programa de gobierno
910 ## - DATOS DE OPCIÓN DEL USUARIO (OCLC)
Datos de opción del usuario Saquino
942 ## - ELEMENTOS DE PUNTO DE ACCESO ADICIONAL (KOHA)
Fuente del sistema de clasificación o colocación Dewey Decimal Classification
Tipo de ítem Koha Libro
Existencias
Estado de retiro Estado de pérdida Fuente del sistema de clasificación o colocación Restricciones de uso No para préstamo Código de colección Localización permanente Ubicación/localización actual Ubicación en estantería Fecha de adquisición Fuente de adquisición Total de préstamos Signatura topográfica completa Código de barras Fecha visto por última vez Precio válido a partir de Tipo de ítem Koha Nota pública
    Dewey Decimal Classification Excluido de préstamo   Monografías: Libros y Folletos Biblioteca Nacional Pedro Henríquez Ureña Patrimonio Dominicano En catalogación 04.07.2018 Donado   BNPHU PD 324.97293 P273p 2021-28639 29.12.2021 29.12.2021 Libro S/A

Con tecnología Koha